000 00417 a2200145 4500
040 _aDLC
082 _a954.9192
_bJIN
100 _aJinnah
_9107708
245 _aQuaid i Azam Mohammad Ali Jinnah : an album
_cJinnah
260 _aIslamabad,
_b: Services Book Club
_c1997.
300 _a176 p.
_b: ill
_c. ; 27 cm
500 _a Includes Index
650 _aQuaid-i-Azam--History
_9107709
942 _cBK
_k 954.91.92 JIN
_2ddc
999 _c5218
_d5218